House prices fell for first time in 2012 as slowdown reached London market (Record no. 114482)

MARC details
000 -LEADER
fixed length control field 00966cad a22002055a 4500
001 - CONTROL NUMBER
control field L156911
008 - FIXED-LENGTH DATA ELEMENTS--GENERAL INFORMATION
fixed length control field 120730e20120730xxk f 000 0 eng d
035 ## - SYSTEM CONTROL NUMBER
System control number (Sirsi) u156911
041 0# - LANGUAGE CODE
Language code of text/sound track or separate title eng
100 1# - MAIN ENTRY--PERSONAL NAME
Personal name Donnell, Richard
245 00 - TITLE STATEMENT
Title House prices fell for first time in 2012 as slowdown reached London market
Medium [electronic resource]
260 ## - PUBLICATION, DISTRIBUTION, ETC.
Date of publication, distribution, etc. 2012
490 #0 - SERIES STATEMENT
Series statement Hometrack Monthly National Housing Survey
Volume/sequential designation 30 July 2012
520 ## - SUMMARY, ETC.
Summary, etc. House prices fell by 0.1% in July, the first monthly decrease in 2012. London and the South East are starting to slow as demand weakens and supply of property available on the market increases.
590 ## - LOCAL NOTE (RLIN)
Local note KA
651 #4 - SUBJECT ADDED ENTRY--GEOGRAPHIC NAME
Geographic name United Kingdom
Chronological subdivision
690 ## - LOCAL SUBJECT ADDED ENTRY--TOPICAL TERM (OCLC, RLIN)
Topical term or geographic name as entry element Residential property
9 (RLIN) 6266
856 40 - ELECTRONIC LOCATION AND ACCESS
Uniform Resource Identifier <a href="https://www.hometrack.co.uk/our-insight/monthly-national-house-price-survey/house-prices-fall-for-first-time-in-2012-as-slowdown-reaches-london-market">https://www.hometrack.co.uk/our-insight/monthly-national-house-price-survey/house-prices-fall-for-first-time-in-2012-as-slowdown-reaches-london-market</a>
Public note View this item free of charge at www.hometrack.co.uk
942 ## - ADDED ENTRY ELEMENTS (KOHA)
Suppress in OPAC 0
Holdings
Withdrawn status Lost status Source of classification or shelving scheme Damaged status Not for loan Home library Current library Shelving location Date acquired Total Checkouts Full call number Barcode Date last seen Copy number Price effective from Koha item type
    Dewey Decimal Classification     Virtual Virtual Online 30/07/2012   ONLINE PUBLICATION 156911-2001 06/08/2019 1 06/08/2019 Book